| 000 | 00786cam a22002773a 4500 | ||
|---|---|---|---|
| 001 | 17519 | ||
| 003 | PGUSA | ||
| 005 | 20140828083355.0 | ||
| 008 | 060115s2006||||xxu|||||s|||||000 1 eng d | ||
| 040 |
_aPGUSA _beng |
||
| 042 | _adc | ||
| 050 | 4 | _aPQ | |
| 100 | 1 |
_aHugo, Victor, _d1802-1885 |
|
| 245 | 1 | 0 |
_aLes misérables Tome V : _bJean Valjean _h[electronic resource] / _cVictor Hugo |
| 260 |
_bProject Gutenberg, _c2006 |
||
| 506 | _aPublic domain in the USA. | ||
| 516 | _aElectronic text | ||
| 653 | _aOrphans -- Fiction | ||
| 653 | _aHistorical fiction | ||
| 653 | _aParis (France) -- Fiction | ||
| 653 | _aEx-convicts -- Fiction | ||
| 653 | _aEpic literature | ||
| 830 | 0 |
_aProject Gutenberg _v17519 |
|
| 856 | 4 | 0 | _uhttp://www.gutenberg.org/ebooks/17519 |
| 942 | _cEB | ||
| 999 |
_c246774 _d246774 |
||